Catálogo
 En Linea

Compendio de historial clínico y semiología quirúrgica / (Registro nro. 31638)

Detalles MARC
000 -CABECERA
campo de control de longitud fija 00804nam a2200217 a 4500
001 - NÚMERO DE CONTROL
campo de control 000032147
005 - FECHA Y HORA DE LA ÚLTIMA TRANSACCIÓN
campo de control 20250312134346.0
008 - DATOS DE LONGITUD FIJA--INFORMACIÓN GENERAL
campo de control de longitud fija 110713s200u dr ac 000 0 spa d
040 ## - FUENTE DE LA CATALOGACIÓN
Centro catalogador/agencia de origen DO-SdBNP
Lengua de catalogación spa
Centro/agencia transcriptor BNPHU
082 ## - NÚMERO DE LA CLASIFICACIÓN DECIMAL DEWEY
Número de clasificación 616.075
Número de documento/Ítem A162c
100 1# - ENTRADA PRINCIPAL--NOMBRE DE PERSONA
Nombre de persona Abreu Reyes, Manuel,
Títulos y otros términos asociados al nombre Emmanuel
9 (RLIN) 58251
245 10 - MENCIÓN DE TÍTULO
Título Compendio de historial clínico y semiología quirúrgica /
Mención de responsabilidad, etc. Manuel Abreu Reyes ; prólogo Sócrates Montás Castillo.
260 ## - PUBLICACIÓN, DISTRIBUCIÓN, ETC.
Lugar de publicación, distribución, etc. [Santo Domingo :
Nombre del editor, distribuidor, etc. s.n.,
Fecha de publicación, distribución, etc. 19--?].
300 ## - DESCRIPCIÓN FÍSICA
Extensión 95 p. :
Otras características físicas il., retrs. ;
Dimensiones 28 cm.
590 ## - NOTA LOCAL (RLIN)
Nota local Inventariado, 2018/LP
650 #4 - PUNTO DE ACCESO ADICIONAL DE MATERIA--TÉRMINO DE MATERIA
Término de materia o nombre geográfico como elemento de entrada Semiología (medicina)
9 (RLIN) 15828
650 #0 - PUNTO DE ACCESO ADICIONAL DE MATERIA--TÉRMINO DE MATERIA
Término de materia o nombre geográfico como elemento de entrada Diagnóstico quirúrgico
9 (RLIN) 15830
650 #4 - PUNTO DE ACCESO ADICIONAL DE MATERIA--TÉRMINO DE MATERIA
Término de materia o nombre geográfico como elemento de entrada Examén físico (medicina)
9 (RLIN) 15831
700 1# - PUNTO DE ACCESO ADICIONAL--NOMBRE DE PERSONA
Nombre de persona Montás Castillo, Sócrates,
Término indicativo de función/relación pról.
9 (RLIN) 21020
910 ## - DATOS DE OPCIÓN DEL USUARIO (OCLC)
Datos de opción del usuario Validado. Control de calidad EMS
Existencias
Estado de retiro Estado de pérdida Restricciones de uso No para préstamo Código de colección Localización permanente Ubicación/localización actual Ubicación en estantería Fecha de adquisición Número de inventario Total de préstamos Signatura topográfica completa Código de barras Fecha visto por última vez Número de copia Precio válido a partir de Tipo de ítem Koha
        Dominicana de Servicio General General Depósito 13.07.2011 LF1   616.075 A162c 32147-30 25.06.2020 e. 3 25.06.2020 Libro y Folleto Colección Dominicana de Servicio
        Dominicana de Servicio General General Depósito 13.07.2011 LF1   616.075 A162c 32147-40 25.06.2020 e. 4 25.06.2020 Libro y Folleto Colección Dominicana de Servicio
        Dominicana de Servicio General General Depósito 11.06.2013 LF1   616.075 A162c 32147-50 25.06.2020 e. 5 25.06.2020 Libro y Folleto Colección Dominicana de Servicio
      Excluido de préstamo Patrimonio Dominicano Patrimonio Dominicano Patrimonio Dominicano Depósito 13.07.2011 LF1   616.075 A162c 32147-10 25.06.2020   25.06.2020 Libro y Folleto Colección Patrimonio Dominicano
      Excluido de préstamo Patrimonio Dominicano Patrimonio Dominicano Patrimonio Dominicano Depósito 13.07.2011 LF1   616.075 A162c 32147-20 25.06.2020 e. 2 25.06.2020 Libro y Folleto Colección Patrimonio Dominicano

Con tecnología Koha